| 000 | 00893nam a2200241 i 4500 | ||
|---|---|---|---|
| 001 | 187466 | ||
| 003 | ES-MaACL | ||
| 005 | 20251019063057.0 | ||
| 008 | 170706s1989 sp ac c |||| | spa d | ||
| 080 | _a75 Velilla Lon, Carlos (083.824) | ||
| 100 | 1 |
_aVelilla Lon, Carlos, _d1950- _9163389 |
|
| 245 | 1 | 0 |
_aCarlos Velilla _b: [exposición] enero-febrero 89, Sala Gaspar / _c[texto, Pedro Zarraluki]. |
| 260 |
_aBarcelona : _bSala Gaspar : _bDanés, _c[1989] |
||
| 300 |
_a[50] p., [2] h. de lám. pleg. : _bprincipalmente il. col., 1 retr. ; _c23 cm. |
||
| 546 | _aTexto en castellano y catalán. | ||
| 600 | 1 | 7 |
_aVelilla Lon, Carlos, _d1950- _vExposiciones _2 _9163390 |
| 655 | 7 |
_2tgfbne _9193628 _aCatálogos de exposiciones |
|
| 700 | 1 |
_aZarraluki, Pedro. _9118084 |
|
| 710 | 2 |
_aSala Gaspar. _96478 |
|
| 852 |
_aES-MaACL _jL-31791 |
||
| 942 | _2udc | ||
| 999 |
_c187466 _d187466 |
||